[Event "Titled Tuesday intern op 16th Apr Late"]
[Site "Chess.com INT"]
[Date "2024.04.16"]
[Round "6"]
[White "Janaszak, Dawid"]
[Black "Luke Brezmes, Cristofer"]
[Result "1-0"]
[WhiteElo "2308"]
[BlackElo "2067"]
[PlyCount "135"]
[EventDate "2024.04.16"]
[EventType "swiss (blitz)"]
[EventRounds "11"]
[EventCountry "USA"]
[SourceTitle "CB17_2024"]
[SourceDate "2024.04.24"]
[SourceVersion "1"]
[SourceVersionDate "2024.04.24"]
[SourceQuality "1"]

1. e4 d6 2. Nc3 Nf6 3. f4 d5 4. e5 Ng8 5. Nf3 c5 6. d4 Nc6 7. Bb5 e6 8. 0-0 a6 9. Bxc6+ bxc6 10. Ne2 h5 11. c3 g6 12. Be3 c4 13. b3 cxb3 14. axb3 Ne7 15. b4 Nf5 16. Bf2 Be7 17. Qd3 h4 18. Nc1 Kf8 19. Nb3 Kg7 20. Na5 Qb6 21. Rfe1 Bd7 22. Ra2 Ra7 23. Rea1 Rha8 24. Qe2 Qb5 25. Qe1 Rh8 26. h3 Qd3 27. Nb3 Qc4 28. Ra3 Bc8 29. Na5 Qb5 30. Nd2 Bd7 31. Nf1 Bd8 32. Nb3 Qc4 33. Nc5 Bc8 34. Nd2 Qb5 35. Nf3 Be7 36. Kh2 Bd8 37. Qd2 Be7 38. Ra5 Qc4 39. Qb2 Bd8 40. R5a3 Bb6 41. Nb3 Qd3 42. Nbd2 Qe2 43. Kg1 Bd7 44. Re1 Qb5 45. Qa1 Rha8 46. Nb3 Bd8 47. Nc5 Bc8 48. Nd2 Kh7 49. Ndb3 Kg7 50. Na5 Kh7 51. Qd1 Kg7 52. Qg4 Rb8 53. Rea1 Rba8 54. Nab3 Rb8 55. Nd2 Rba8 56. Nf3 Qc4 57. Nxh4 Nxh4 58. Bxh4 Bxh4 59. Qxh4 a5 60. Qf6+ Kg8 61. bxa5 Ba6 62. h4 Bb5 63. Kh2 Qe2 64. c4 Bxc4 65. h5 Qg4 66. h6 Qh5+ 67. Rh3 Qxh6 68. Rxh6 1-0

[Event "Titled Tuesday intern op 16th Apr Late"]
[Site "Chess.com INT"]
[Date "2024.04.16"]
[Round "5"]
[White "Luke Brezmes, Cristofer"]
[Black "Achuthan, Aryan"]
[Result "1-0"]
[WhiteElo "2067"]
[BlackElo "2038"]
[PlyCount "91"]
[EventDate "2024.04.16"]
[EventType "swiss (blitz)"]
[EventRounds "11"]
[EventCountry "USA"]
[SourceTitle "CB17_2024"]
[SourceDate "2024.04.24"]
[SourceVersion "1"]
[SourceVersionDate "2024.04.24"]
[SourceQuality "1"]

1. e4 e5 2. Nf3 Nc6 3. d4 exd4 4. Bc4 Bc5 5. c3 Nf6 6. e5 d5 7. exf6 dxc4 8. fxg7 Rg8 9. 0-0 Be6 10. Re1 Rxg7 11. Nbd2 Qd5 12. Ne4 Be7 13. cxd4 0-0-0 14. Bf4 Nxd4 15. Qxd4 Qxd4 16. Nxd4 Rxd4 17. Be5 Rxe4 18. Bxg7 Rg4 19. Be5 Bd6 20. Bxd6 cxd6 21. f3 Rg8 22. Rad1 Kc7 23. Kf2 Kc6 24. Rd4 d5 25. Rh4 Rg7 26. g4 b5 27. Ke3 Kc5 28. Rd1 a5 29. Rh5 b4 30. h3 Rg6 31. f4 Rg8 32. f5 Bd7 33. Rxh7 Re8+ 34. Kd2 d4 35. Rxf7 Bc6 36. f6 c3+ 37. bxc3 dxc3+ 38. Kc1 a4 39. Re7 Rb8 40. Re5+ Kc4 41. Rf5 b3 42. Rf4+ Kb5 43. axb3 axb3 44. Rd3 c2 45. Rxb3+ Kc5 46. Rxb8 1-0

[Event "Titled Tuesday intern op 16th Apr Late"]
[Site "Chess.com INT"]
[Date "2024.04.16"]
[Round "9"]
[White "Luke Brezmes, Cristofer"]
[Black "Belmonte, Diego Mariano"]
[Result "0-1"]
[WhiteElo "2067"]
[BlackElo "2305"]
[PlyCount "130"]
[EventDate "2024.04.16"]
[EventType "swiss (blitz)"]
[EventRounds "11"]
[EventCountry "USA"]
[SourceTitle "CB17_2024"]
[SourceDate "2024.04.24"]
[SourceVersion "1"]
[SourceVersionDate "2024.04.24"]
[SourceQuality "1"]

1. e4 Nf6 2. e5 Nd5 3. c4 Nb6 4. d4 d6 5. exd6 cxd6 6. Nc3 g6 7. Be3 Bg7 8. Rc1 e5 9. dxe5 dxe5 10. Qxd8+ Kxd8 11. c5 N6d7 12. Bc4 f5 13. f4 Re8 14. Nge2 Nc6 15. 0-0 Na5 16. Bb5 a6 17. Bxd7 Bxd7 18. fxe5 Bxe5 19. Bg5+ Kc8 20. b4 Nc6 21. Nd5 Bc7 22. Nec3 Nd4 23. Rfe1 Ne6 24. Bd2 Bb5 25. a4 Bd3 26. Nb6+ Bxb6 27. cxb6 Kd7 28. Red1 Ke7 29. Bg5+ Nxg5 30. Rxd3 Rad8 31. Re1+ Kf7 32. Rxe8 Kxe8 33. Re3+ Kd7 34. b5 axb5 35. axb5 Rc8 36. Nd5 Ne4 37. g4 Kd6 38. Nc7 Ke5 39. gxf5 gxf5 40. Kg2 Rd8 41. Kf3 Rd2 42. Rb3 Rxh2 43. Rd3 Rh3+ 44. Ke2 Rxd3 45. Kxd3 Nd6 46. Ke3 h5 47. Kf3 h4 48. Na6 Nxb5 49. Nc5 Nd6 50. Nd3+ Kd4 51. Nf4 Kc5 52. Ng6 h3 53. Kg3 Kxb6 54. Kxh3 Kc5 55. Kg3 Kd4 56. Kf3 b5 57. Nf4 Kc3 58. Nd5+ Kc4 59. Ne3+ Kd3 60. Nd5 Kd4 61. Nb4 Kc4 62. Nc6 b4 63. Ne5+ Kc3 64. Kf4 b3 65. Nf3 b2 0-1

[Event "Titled Tuesday intern op 16th Apr Late"]
[Site "Chess.com INT"]
[Date "2024.04.16"]
[Round "3"]
[White "Luke Brezmes, Cristofer"]
[Black "Estrada Nieto, Julian"]
[Result "1/2-1/2"]
[WhiteElo "2067"]
[BlackElo "2195"]
[PlyCount "134"]
[EventDate "2024.04.16"]
[EventType "swiss (blitz)"]
[EventRounds "11"]
[EventCountry "USA"]
[SourceTitle "CB17_2024"]
[SourceDate "2024.04.24"]
[SourceVersion "1"]
[SourceVersionDate "2024.04.24"]
[SourceQuality "1"]

1. e4 e5 2. Nf3 Nc6 3. d4 exd4 4. Bc4 Bc5 5. c3 d6 6. cxd4 Bb6 7. h3 Nf6 8. Nc3 0-0 9. Bg5 h6 10. Bh4 g5 11. Bg3 Re8 12. e5 dxe5 13. dxe5 Qxd1+ 14. Rxd1 Nh5 15. Bh2 Nf4 16. Bxf4 gxf4 17. Nd5 Kg7 18. 0-0 Be6 19. b3 Rad8 20. Nxf4 Bxc4 21. Rxd8 Rxd8 22. bxc4 Nd4 23. Nh4 Ne6 24. Nf5+ Kh7 25. Nd5 c6 26. Nxb6 axb6 27. f4 Rd2 28. Nd6 Kg8 29. f5 Nd4 30. Nxb7 Rxa2 31. Nd6 Re2 32. Rd1 c5 33. Rb1 Rxe5 34. Rxb6 Nxf5 35. Nxf5 Rxf5 36. Rc6 Kg7 37. g4 Re5 38. Kg2 h5 39. Kg3 hxg4 40. hxg4 f6 41. Kf4 Kf7 42. Rc7+ Ke6 43. Rc6+ Ke7 44. Rc7+ Kd6 45. Rf7 Ke6 46. Rc7 Kd6 47. Rf7 Ke6 48. Rc7 Rg5 49. Rc6+ Kf7 50. Rc7+ Kg6 51. Rc6 Re5 52. Rc7 Re1 53. Rxc5 Rf1+ 54. Kg3 Rg1+ 55. Kf3 Rf1+ 56. Kg3 Rg1+ 57. Kf3 Rc1 58. Rc8 Kg5 59. Rg8+ Kh6 60. Rf8 Kg6 61. Rg8+ Kf7 62. Rc8 Ke6 63. c5 Kd7 64. Rf8 Ke7 65. Rc8 Kd7 66. Rf8 Ke6 67. Rc8 Kd7 1/2-1/2

[Event "Titled Tuesday intern op 16th Apr Late"]
[Site "Chess.com INT"]
[Date "2024.04.16"]
[Round "2"]
[White "Luke Brezmes, Cristofer"]
[Black "Martin Duque, Jesus"]
[Result "1/2-1/2"]
[WhiteElo "2067"]
[BlackElo "2336"]
[PlyCount "53"]
[EventDate "2024.04.16"]
[EventType "swiss (blitz)"]
[EventRounds "11"]
[EventCountry "USA"]
[SourceTitle "CB17_2024"]
[SourceDate "2024.04.24"]
[SourceVersion "1"]
[SourceVersionDate "2024.04.24"]
[SourceQuality "1"]

1. e4 e5 2. Nf3 Nc6 3. d4 exd4 4. Bc4 Nf6 5. 0-0 Nxe4 6. Nc3 Nxc3 7. bxc3 Be7 8. cxd4 d5 9. Bb5 Bg4 10. Qd3 0-0 11. Bxc6 Bxf3 12. Qxf3 bxc6 13. Re1 Bf6 14. Ba3 Re8 15. Rxe8+ Qxe8 16. c3 Rb8 17. g3 h6 18. Bc5 a5 19. a4 Rb2 20. Qf4 Bg5 21. Qxc7 Qe2 22. Rf1 Be3 23. Qc8+ Kh7 24. Qf5+ Kg8 25. Qc8+ Kh7 26. Qf5+ Kg8 27. Qc8+ 1/2-1/2

[Event "Titled Tuesday intern op 02nd Apr Late"]
[Site "Chess.com INT"]
[Date "2024.04.02"]
[Round "10"]
[White "Luke Brezmes, Cristofer"]
[Black "Marino Bravo, Miguel Angel"]
[Result "1-0"]
[WhiteElo "2067"]
[BlackElo "2140"]
[PlyCount "75"]
[EventDate "2024.04.02"]
[EventType "swiss (blitz)"]
[EventRounds "11"]
[EventCountry "USA"]
[SourceTitle "CB15_2024"]
[SourceDate "2024.04.10"]
[SourceVersion "1"]
[SourceVersionDate "2024.04.10"]
[SourceQuality "1"]

1. e4 c5 2. Nc3 Nc6 3. f4 g6 4. Nf3 Bg7 5. a4 d6 6. Bb5 Bd7 7. d3 Nf6 8. 0-0 0-0 9. Bxc6 Bxc6 10. Qe1 d5 11. e5 Ng4 12. h3 Nh6 13. g4 e6 14. Qg3 Kh8 15. Bd2 d4 16. Ne4 Bxe4 17. dxe4 d3 18. c3 c4 19. Kg2 Qb6 20. Rab1 Ng8 21. Nd4 Ne7 22. h4 Kg8 23. h5 Nc6 24. Nb5 a6 25. Nd6 Qb3 26. Rh1 Rfd8 27. hxg6 hxg6 28. Qh4 Qc2 29. Rbd1 Qxb2 30. Qh7+ Kf8 31. Nxb7 Qxb7 32. Be3 Na5 33. Bc5+ Ke8 34. Qg8+ Kd7 35. Qxf7+ Kc6 36. Be7 Rd7 37. Qxe6+ Kc7 38. Kf3 1-0

[Event "Titled Tuesday intern op 29th Aug Late"]
[Site "Chess.com INT"]
[Date "2023.08.29"]
[Round "11"]
[White "Su, Dion"]
[Black "Luke Brezmes, Cristofer"]
[Result "1-0"]
[WhiteElo "1922"]
[BlackElo "2087"]
[PlyCount "41"]
[EventDate "2023.08.29"]
[EventType "swiss (blitz)"]
[EventRounds "11"]
[EventCountry "USA"]
[SourceTitle "EXT 2024"]
[Source "ChessBase"]
[SourceDate "2023.10.10"]
[SourceVersion "1"]
[SourceVersionDate "2023.10.10"]
[SourceQuality "1"]

1. e4 e5 2. d4 exd4 3. c3 d3 4. Bxd3 Nf6 5. Nf3 d5 6. e5 Ne4 7. Nbd2 Nc5 8. Bc2 Be7 9. h3 0-0 10. 0-0 Be6 11. Nb3 Nxb3 12. axb3 c6 13. Nd4 Nd7 14. f4 Nc5 15. f5 Bc8 16. f6 gxf6 17. Qh5 Ne4 18. Bh6 Re8 19. Rad1 fxe5 20. Qxf7+ Kh8 21. Qg7# 1-0

[Event "Pobla de Lillet op 32nd"]
[Site "La Pobla de Lillet"]
[Date "2023.08.05"]
[Round "4"]
[White "Luke Brezmes, Cristofer"]
[Black "Aloma Vidal, Roberto"]
[Result "0-1"]
[WhiteElo "2087"]
[BlackElo "2443"]
[PlyCount "100"]
[EventDate "2023.08.02"]
[EventType "swiss"]
[EventRounds "9"]
[EventCountry "ESP"]
[SourceTitle "CBM 215 Extra"]
[Source "ChessBase"]
[SourceDate "2023.09.30"]
[SourceVersion "1"]
[SourceVersionDate "2023.09.30"]
[SourceQuality "1"]

1. e4 e6 2. d4 d5 3. Nc3 Nf6 4. e5 Nfd7 5. Qg4 c5 6. Nb5 cxd4 7. Nf3 Nc6 8. Bf4 h5 9. Qg3 h4 10. Qg4 Qa5+ 11. Bd2 Qb6 12. Nd6+ Ke7 13. Nxf7 Kxf7 14. Ng5+ Ke7 15. Qxe6+ Kd8 16. Qxd5 Kc7 17. Bf4 Qxb2 18. Bd3 Qxa1+ 19. Ke2 Qb2 20. e6+ Nde5 21. Bxe5+ Kb6 22. Nf7 Rh5 23. f4 a5 24. a4 Qb4 25. c4 Rxe5+ 26. Nxe5 Kc7 27. Ng6 Qb2+ 28. Kf3 Qd2 29. Nxf8 Qxd3+ 30. Kg4 Ra6 31. c5 Ne7 32. Qe5+ Kd8 33. f5 Ke8 34. Nd7 Bxd7 35. exd7+ Kxd7 36. Re1 Qxf5+ 37. Qxf5+ Nxf5 38. Kxf5 Rf6+ 39. Kg4 Kc6 40. Re7 Kxc5 41. Rxg7 b6 42. Kxh4 d3 43. Rc7+ Rc6 44. Rf7 d2 45. Rf1 Kd4 46. g4 Rc1 47. Rf8 d1Q 48. Rd8+ Ke4 49. Rxd1 Rxd1 50. Kh5 Rd8 0-1

[Event "Andorra op 39th"]
[Site "Escaldes"]
[Date "2023.07.24"]
[Round "3"]
[White "Luke Brezmes, Cristofer"]
[Black "Arpan, Das Jr"]
[Result "0-1"]
[WhiteElo "2087"]
[BlackElo "2365"]
[PlyCount "94"]
[EventDate "2023.07.22"]
[EventType "swiss"]
[EventRounds "9"]
[EventCountry "AND"]
[SourceTitle "CBM 215 Extra"]
[Source "ChessBase"]
[SourceDate "2023.09.30"]
[SourceVersion "1"]
[SourceVersionDate "2023.09.30"]
[SourceQuality "1"]

1. e4 c6 2. d4 d5 3. exd5 cxd5 4. Bd3 Nc6 5. c3 Nf6 6. Bf4 Bg4 7. Qb3 Qd7 8. Nd2 e6 9. Ngf3 Bd6 10. Ne5 Qc7 11. 0-0 Nd7 12. Rfe1 Bh5 13. Bg3 Ncxe5 14. dxe5 Bc5 15. Qa4 a6 16. Qh4 Bg6 17. Bxg6 fxg6 18. Nf3 Qc6 19. b4 Bb6 20. Rac1 0-0 21. c4 dxc4 22. Rxc4 Qd5 23. Rf4 Rxf4 24. Bxf4 Rf8 25. Bg3 h6 26. Qg4 Kh7 27. h4 Rc8 28. Qf4 Kg8 29. Rc1 Rxc1+ 30. Qxc1 Nf8 31. Qc2 Bd8 32. Nd2 Qd4 33. Nc4 Bxh4 34. Bxh4 Qxh4 35. Nd6 Qxb4 36. Kf1 Qd4 37. g3 Qa1+ 38. Kg2 Qxe5 39. Qc7 Qd5+ 40. Kg1 Qd1+ 41. Kg2 Qd5+ 42. Kg1 e5 43. Ne8 Ne6 44. Qe7 e4 45. Nd6 Ng5 46. Ne8 Qf7 47. Qd8 Kh7 0-1

[Event "Titled Tuesday intern op 11th Jul Late"]
[Site "Chess.com INT"]
[Date "2023.07.11"]
[Round "3"]
[White "Aggelis, Nikolaos"]
[Black "Luke Brezmes, Cristofer"]
[Result "1-0"]
[WhiteElo "2264"]
[BlackElo "2087"]
[PlyCount "71"]
[EventDate "2023.07.11"]
[EventType "swiss (blitz)"]
[EventRounds "11"]
[EventCountry "USA"]
[SourceTitle "EXT 2024"]
[Source "ChessBase"]
[SourceDate "2023.10.10"]
[SourceVersion "1"]
[SourceVersionDate "2023.10.10"]
[SourceQuality "1"]

1. c4 e5 2. g3 d6 3. Bg2 f5 4. Nc3 Be7 5. e3 Nf6 6. Nge2 c6 7. 0-0 0-0 8. d3 Qe8 9. f4 Be6 10. Qb3 Qd7 11. Qc2 Na6 12. a3 Bf7 13. b4 Bh5 14. Bb2 Nc7 15. Rae1 a5 16. b5 cxb5 17. cxb5 Rac8 18. Qa4 Bf7 19. Bxb7 Rb8 20. Bc6 Qc8 21. Qxa5 Ncd5 22. Nxd5 Nxd5 23. Qd2 e4 24. dxe4 fxe4 25. Bxd5 Rxb5 26. Bxf7+ Rxf7 27. Nc3 Rb3 28. Nxe4 d5 29. Ng5 Rf5 30. Be5 Qd8 31. Nf3 Bxa3 32. Nd4 Bb4 33. Qc2 Rxe5 34. fxe5 Rc3 35. Qf5 Rc7 36. Ne6 1-0

[Event "Titled Tuesday intern op 11th Jul Late"]
[Site "Chess.com INT"]
[Date "2023.07.11"]
[Round "5"]
[White "Luke Brezmes, Cristofer"]
[Black "Janaszak, Dawid"]
[Result "1/2-1/2"]
[WhiteElo "2087"]
[BlackElo "2316"]
[PlyCount "36"]
[EventDate "2023.07.11"]
[EventType "swiss (blitz)"]
[EventRounds "11"]
[EventCountry "USA"]
[SourceTitle "EXT 2024"]
[Source "ChessBase"]
[SourceDate "2023.10.10"]
[SourceVersion "1"]
[SourceVersionDate "2023.10.10"]
[SourceQuality "1"]

1. e4 e5 2. Nf3 Nc6 3. Bc4 Nf6 4. 0-0 Bc5 5. d4 exd4 6. e5 d5 7. exf6 dxc4 8. Re1+ Be6 9. Ng5 Qd5 10. Nc3 Qf5 11. Nce4 0-0-0 12. g4 Qe5 13. Nf3 Qd5 14. fxg7 Rhg8 15. Nf6 Qd6 16. Ne4 Qd5 17. Nf6 Qd6 18. Ne4 Qd5 1/2-1/2

[Event "Titled Tuesday intern op 04th Jul Late"]
[Site "Chess.com INT"]
[Date "2023.07.04"]
[Round "1"]
[White "Luke Brezmes, Cristofer"]
[Black "Ambartsumova, Karina"]
[Result "1-0"]
[WhiteElo "2087"]
[BlackElo "2393"]
[PlyCount "91"]
[EventDate "2023.07.04"]
[EventType "swiss (blitz)"]
[EventRounds "11"]
[EventCountry "USA"]
[SourceTitle "EXT 2024"]
[Source "ChessBase"]
[SourceDate "2023.10.10"]
[SourceVersion "1"]
[SourceVersionDate "2023.10.10"]
[SourceQuality "1"]

1. e4 e5 2. Nf3 d5 3. Nxe5 Bd6 4. d4 dxe4 5. Bc4 Bxe5 6. Qh5 Qe7 7. dxe5 Nc6 8. Nc3 g6 9. Qe2 Qxe5 10. Qxe4 Nf6 11. Qxe5+ Nxe5 12. Bb5+ c6 13. Be2 0-0 14. Bg5 Nfd7 15. 0-0-0 f6 16. Be3 Re8 17. Rhe1 Nf7 18. a4 Kg7 19. Bc4 Nde5 20. Bb3 Be6 21. Bxe6 Rxe6 22. h3 a6 23. a5 Rae8 24. Bc5 Nc4 25. Rxe6 Rxe6 26. Bb4 Re5 27. Rd7 Nxa5 28. Bxa5 Rxa5 29. Rxb7 Ra1+ 30. Kd2 Rg1 31. Ne4 Rxg2 32. Nd6 Rxf2+ 33. Ke3 Rxc2 34. Rxf7+ Kh6 35. Rb7 Rh2 36. Nf7+ Kh5 37. Nd6 Rxh3+ 38. Kf4 h6 39. Rb6 Rh2 40. Rxa6 Rxb2 41. Rxc6 g5+ 42. Kg3 Rb3+ 43. Kg2 Kg4 44. Ne4 f5 45. Nf2+ Kh4 46. Rxh6# 1-0

[Event "Titled Tuesday intern op 04th Jul Late"]
[Site "Chess.com INT"]
[Date "2023.07.04"]
[Round "8"]
[White "Luke Brezmes, Cristofer"]
[Black "Ljubarov, Mark"]
[Result "0-1"]
[WhiteElo "2087"]
[BlackElo "2305"]
[PlyCount "100"]
[EventDate "2023.07.04"]
[EventType "swiss (blitz)"]
[EventRounds "11"]
[EventCountry "USA"]
[SourceTitle "EXT 2024"]
[Source "ChessBase"]
[SourceDate "2023.10.10"]
[SourceVersion "1"]
[SourceVersionDate "2023.10.10"]
[SourceQuality "1"]

1. e4 e5 2. Nf3 Nc6 3. Bc4 Nf6 4. 0-0 Nxe4 5. Nc3 Nxc3 6. dxc3 Be7 7. Qd5 0-0 8. Nxe5 Nxe5 9. Qxe5 d6 10. Qh5 Be6 11. Bd3 g6 12. Qf3 c6 13. c4 Bg5 14. Bxg5 Qxg5 15. Rfe1 Rfe8 16. a4 a5 17. Re3 Kg7 18. Rae1 Bd7 19. Rxe8 Rxe8 20. Rxe8 Bxe8 21. Bf1 Qe5 22. Qb3 c5 23. Qxb7 Bxa4 24. b3 Be8 25. g3 a4 26. Qa7 axb3 27. cxb3 Bc6 28. Qa2 Bf3 29. Qd2 h5 30. Bg2 Qa1+ 31. Bf1 Qe5 32. Bg2 Bxg2 33. Kxg2 Qe4+ 34. f3 Qe5 35. h4 f6 36. Kf2 g5 37. hxg5 fxg5 38. Qe3 Qxe3+ 39. Kxe3 Kf6 40. Ke4 Ke6 41. f4 gxf4 42. Kxf4 Kf6 43. g4 hxg4 44. Kxg4 Ke5 45. Kf3 Kd4 46. Kf4 Kc3 47. Ke4 Kxb3 48. Kd5 Kb4 49. Kxd6 Kxc4 50. Ke5 Kd3 0-1

[Event "Titled Tuesday intern op 04th Jul Late"]
[Site "Chess.com INT"]
[Date "2023.07.04"]
[Round "9"]
[White "Luong, Phuong Hanh"]
[Black "Luke Brezmes, Cristofer"]
[Result "0-1"]
[WhiteElo "2100"]
[BlackElo "2087"]
[PlyCount "124"]
[EventDate "2023.07.04"]
[EventType "swiss (blitz)"]
[EventRounds "11"]
[EventCountry "USA"]
[SourceTitle "EXT 2024"]
[Source "ChessBase"]
[SourceDate "2023.10.10"]
[SourceVersion "1"]
[SourceVersionDate "2023.10.10"]
[SourceQuality "1"]

1. d4 d6 2. Nf3 Nd7 3. e4 e5 4. dxe5 dxe5 5. Bc4 Be7 6. 0-0 Ngf6 7. Nc3 c6 8. Be3 Ng4 9. Bd2 Qc7 10. Ng5 Bxg5 11. Bxg5 Ngf6 12. f4 h6 13. Bxf6 Nxf6 14. Kh1 0-0 15. f5 b5 16. Bb3 b4 17. Ne2 Nxe4 18. Qe1 Qe7 19. Ng1 Nf6 20. Nf3 e4 21. Nd2 c5 22. Nc4 Bb7 23. Ne3 Rad8 24. Rd1 Rxd1 25. Qxd1 Rd8 26. Qe2 Rd6 27. Rd1 Qd7 28. Rxd6 Qxd6 29. h3 Ba6 30. Qe1 Nh5 31. Kg1 Qd4 32. c3 bxc3 33. Qxc3 Nf4 34. Kh2 Ne2 35. Qxd4 cxd4 36. Ng4 Nc1 37. Bd5 e3 38. Kg3 e2 39. Kf2 Nd3+ 40. Kxe2 Nf4+ 41. Kf3 Nxd5 42. Ke4 Nb4 43. Kxd4 Nxa2 44. f6 h5 45. Ne5 gxf6 46. Nc6 Bb7 47. Nxa7 Bxg2 48. h4 Nb4 49. Nb5 Nc6+ 50. Ke3 Kg7 51. Nd6 Bd5 52. Kf4 Kg6 53. Ne8 Nd4 54. b4 Ne6+ 55. Kg3 Kf5 56. b5 Ke5 57. b6 Bb7 58. Kf2 f5 59. Ke3 f4+ 60. Kf2 f3 61. Kg3 Ke4 62. Nd6+ Ke3 0-1

[Event "Titled Tuesday intern op 27th Jun Late"]
[Site "Chess.com INT"]
[Date "2023.06.27"]
[Round "5"]
[White "Hoffmann, Asa"]
[Black "Luke Brezmes, Cristofer"]
[Result "1-0"]
[WhiteElo "2185"]
[BlackElo "2088"]
[PlyCount "73"]
[EventDate "2023.06.27"]
[EventType "swiss (blitz)"]
[EventRounds "11"]
[EventCountry "USA"]
[SourceTitle "EXT 2024"]
[Source "ChessBase"]
[SourceDate "2023.10.10"]
[SourceVersion "1"]
[SourceVersionDate "2023.10.10"]
[SourceQuality "1"]

1. d4 d6 2. e4 Nf6 3. f3 e5 4. Nc3 Nbd7 5. Bc4 c6 6. Nge2 b5 7. Bb3 a6 8. a4 Bb7 9. Be3 exd4 10. Nxd4 c5 11. Nf5 c4 12. Ba2 b4 13. Ne2 Qc7 14. Qd4 g6 15. Nh6 Rc8 16. Rd1 Ne5 17. 0-0 Be7 18. Nf4 Kf8 19. Nd5 Bxd5 20. exd5 Kg7 21. f4 Ned7 22. f5 Qc5 23. Ng4 Qxd4 24. Bxd4 h5 25. Ne3 g5 26. Bxc4 Ne5 27. Bxa6 Ra8 28. Bb5 Ne4 29. Bxe5+ dxe5 30. d6 Nxd6 31. f6+ Bxf6 32. Rxd6 Be7 33. Rd7 Bc5 34. Rfxf7+ Kg6 35. Bd3+ Kh6 36. Rh7+ Rxh7 37. Rxh7# 1-0

[Event "Titled Tuesday intern op 27th Jun Late"]
[Site "Chess.com INT"]
[Date "2023.06.27"]
[Round "7"]
[White "Luke Brezmes, Cristofer"]
[Black "Hernandez Jimenez, Jeronimo"]
[Result "0-1"]
[WhiteElo "2088"]
[BlackElo "2151"]
[PlyCount "72"]
[EventDate "2023.06.27"]
[EventType "swiss (blitz)"]
[EventRounds "11"]
[EventCountry "USA"]
[SourceTitle "EXT 2024"]
[Source "ChessBase"]
[SourceDate "2023.10.10"]
[SourceVersion "1"]
[SourceVersionDate "2023.10.10"]
[SourceQuality "1"]

1. e4 e5 2. Nf3 Nc6 3. Bc4 Bc5 4. 0-0 Nf6 5. d4 Bxd4 6. Nxd4 Nxd4 7. Bg5 d6 8. f4 Bg4 9. Bxf6 Bxd1 10. Bxd8 Rxd8 11. Rxd1 Nxc2 12. Nc3 Nxa1 13. Rxa1 exf4 14. Nd5 0-0 15. Nxf4 Rfe8 16. Re1 c6 17. Bb3 Re5 18. Kf2 Rde8 19. Kf3 d5 20. Bc2 f5 21. Bb3 fxe4+ 22. Ke3 g6 23. h4 Kg7 24. g3 Rd8 25. Ne2 c5 26. Kf4 Rf5+ 27. Kg4 Rf2 28. Nf4 h5+ 29. Kg5 Rd6 30. g4 c4 31. Bd1 Rf6 32. Nxh5+ gxh5 33. Kxh5 Rxb2 34. g5 Rf4 35. Bg4 Rf8 36. Rd1 Rh8# 0-1

[Event "Titled Tuesday intern op 27th Jun Late"]
[Site "Chess.com INT"]
[Date "2023.06.27"]
[Round "2"]
[White "Luke Brezmes, Cristofer"]
[Black "Osmak, Iulija"]
[Result "1-0"]
[WhiteElo "2088"]
[BlackElo "2444"]
[PlyCount "75"]
[EventDate "2023.06.27"]
[EventType "swiss (blitz)"]
[EventRounds "11"]
[EventCountry "USA"]
[SourceTitle "EXT 2024"]
[Source "ChessBase"]
[SourceDate "2023.10.10"]
[SourceVersion "1"]
[SourceVersionDate "2023.10.10"]
[SourceQuality "1"]

1. e4 c5 2. Nc3 Nc6 3. f4 a6 4. Nf3 b5 5. a4 b4 6. Nd5 e6 7. Ne3 Bb7 8. c3 d6 9. Bc4 Nf6 10. d3 Be7 11. 0-0 0-0 12. e5 dxe5 13. fxe5 Nd7 14. d4 cxd4 15. cxd4 Nb6 16. Bd3 a5 17. b3 Nd5 18. Qc2 g6 19. Ng4 Nc3 20. Be3 Rc8 21. Qf2 h5 22. Nf6+ Bxf6 23. exf6 Qxf6 24. Bg5 Qg7 25. Rae1 Nd5 26. Bc4 Nce7 27. Qd2 Nf5 28. h3 Rfe8 29. g4 hxg4 30. hxg4 Nd6 31. Ne5 Nxc4 32. bxc4 f6 33. Bh6 Qh7 34. cxd5 fxe5 35. dxe5 Bxd5 36. Rf6 Re7 37. Qg5 Kh8 38. Rxg6 1-0

[Event "Titled Tuesday intern op 27th Jun Late"]
[Site "Chess.com INT"]
[Date "2023.06.27"]
[Round "8"]
[White "Luke Brezmes, Cristofer"]
[Black "Wendt, Jan Dietrich"]
[Result "1-0"]
[WhiteElo "2088"]
[BlackElo "2273"]
[PlyCount "119"]
[EventDate "2023.06.27"]
[EventType "swiss (blitz)"]
[EventRounds "11"]
[EventCountry "USA"]
[SourceTitle "EXT 2024"]
[Source "ChessBase"]
[SourceDate "2023.10.10"]
[SourceVersion "1"]
[SourceVersionDate "2023.10.10"]
[SourceQuality "1"]

1. e4 c5 2. Nc3 e6 3. f4 d5 4. d3 Nc6 5. Nf3 Nf6 6. Be2 Be7 7. 0-0 b6 8. Qe1 Bb7 9. Bd1 0-0 10. e5 Nd7 11. Ne2 f6 12. exf6 Bxf6 13. c3 Qc7 14. Ng3 Rae8 15. Nh5 e5 16. Nxf6+ Nxf6 17. fxe5 Nxe5 18. Nxe5 Qxe5 19. Qxe5 Rxe5 20. Bf4 Ree8 21. Bf3 Kf7 22. Bd6 Rh8 23. Bh5+ g6 24. Bf3 Re6 25. Bf4 Rhe8 26. c4 Kg7 27. Bg5 h6 28. Bxf6+ Rxf6 29. Bxd5 Bxd5 30. cxd5 Rd6 31. Rae1 Rxe1 32. Rxe1 Kf6 33. Rf1+ Ke5 34. Rf7 Rxd5 35. Rxa7 Rxd3 36. Rg7 Kf6 37. Rh7 Rd1+ 38. Kf2 Rd2+ 39. Kf3 Rxb2 40. Rb7 c4 41. a4 c3 42. Rc7 c2 43. Kf4 Rb4+ 44. Ke3 Rxa4 45. Rxc2 Rb4 46. g3 h5 47. h4 b5 48. Rc5 Rb3+ 49. Kf4 Rb4+ 50. Kf3 Rb3+ 51. Kf4 b4 52. Rc6+ Kf7 53. Rb6 Kg7 54. Rc6 Rc3 55. Rb6 b3 56. Ra6 Kf7 57. Rb6 Ke7 58. Rxg6 b2 59. Rb6 Rc2 60. Kg5 1-0